[Event "HUN-chT2 Toth 0809"]
[Site "Hungary"]
[Date "2009.02.08"]
[Round "7.12"]
[White "Gal, Sandor"]
[Black "Tesik, Peter"]
[Result "0-1"]
[WhiteElo "1676"]
[BlackElo "1822"]
[PlyCount "122"]
[EventDate "2008.10.26"]
[EventType "team-tourn"]
[EventRounds "11"]
[EventCountry "HUN"]
[SourceTitle "EXT 2010"]
[Source "ChessBase"]
[SourceDate "2010.11.25"]
[SourceVersion "1"]
[SourceVersionDate "2010.11.25"]
[SourceQuality "1"]
[WhiteTeam "Karcag"]
[BlackTeam "Maroczy II"]
[WhiteTeamCountry "HUN"]
[BlackTeamCountry "HUN"]

1. d4 Nf6 2. c4 g6 3. Nc3 Bg7 4. Nf3 0-0 5. Bg5 h6 6. Bxf6 Bxf6 7. e3 d6 8. Bd3 Nd7 9. 0-0 e5 10. Qc2 Bg7 11. Rad1 c6 12. Be2 Qe7 13. dxe5 dxe5 14. Rd2 a5 15. Rfd1 Nc5 16. Ne4 Bf5 17. Bd3 Bxe4 18. Bxe4 f5 19. Nxe5 Bxe5 20. Bf3 Rad8 21. a3 Rxd2 22. Qxd2 Bc7 23. b4 Rd8 24. Qc2 Rxd1+ 25. Qxd1 axb4 26. axb4 Ne4 27. g3 Qd6 28. Qa4 Qd7 29. Qa8+ Bd8 30. Qb8 Kh7 31. Qa7 h5 32. h4 Be7 33. c5 Bf6 34. Qa3 Qd2 35. Bxe4 fxe4 36. Qb3 Qd7 37. Kg2 Kh6 38. Qg8 Bc3 39. Qf8+ Bg7 40. Qf4+ Kh7 41. Qxe4 Qd5 42. Qxd5 cxd5 43. Kf3 Bc3 44. b5 Bb4 45. c6 bxc6 46. bxc6 Ba5 47. Ke2 Kg7 48. Kd3 Kf6 49. Kd4 Ke6 50. Kd3 Kd6 51. Ke2 Kxc6 52. Kf3 Kd6 53. Kf4 Bd8 54. g4 Bxh4 55. gxh5 gxh5 56. Kf3 Bxf2 57. Kxf2 Ke5 58. Ke2 Ke4 59. Kf2 h4 60. Ke2 h3 61. Kf2 h2 0-1

[Event "HUN-chT2 Erkel 0304"]
[Site "Hungary"]
[Date "2003.11.30"]
[Round "4"]
[White "Gal, Sandor"]
[Black "Farkas, Lajos"]
[Result "0-1"]
[WhiteElo "2189"]
[BlackElo "2131"]
[PlyCount "68"]
[EventDate "2003.09.28"]
[EventType "team"]
[EventRounds "11"]
[EventCountry "HUN"]
[SourceTitle "EXT 2009"]
[Source "ChessBase"]
[SourceDate "2008.11.26"]
[SourceVersion "1"]
[SourceVersionDate "2008.11.26"]
[SourceQuality "1"]
[WhiteTeam "Heves"]
[BlackTeam "Godollo"]
[WhiteTeamCountry "HUN"]
[BlackTeamCountry "HUN"]

1. d4 d6 2. e4 g6 3. c4 Bg7 4. Nc3 Nd7 5. f3 c5 6. d5 a6 7. Bd3 Rb8 8. Nge2 Qc7 9. a4 Ne5 10. 0-0 Bd7 11. f4 Nxd3 12. Qxd3 f5 13. a5 b5 14. axb6 Qxb6 15. Ng3 fxe4 16. Ngxe4 Bf5 17. Qe2 Nh6 18. h3 Nf7 19. g4 Bc8 20. Ng5 Nxg5 21. fxg5 Rf8 22. Ra3 Bd4+ 23. Kg2 Rxf1 24. Kxf1 Qd8 25. Ne4 Kd7 26. Rf3 Qg8 27. Kg2 Kc7 28. Nxd6 exd6 29. Qe7+ Bd7 30. Bf4 Rxb2+ 31. Kg3 Rb6 32. Bxd6+ Rxd6 33. Rf8 Qxf8 34. Qxf8 a5 0-1

[Event "HUN-chT2 Maroczy 0203"]
[Site "Hungary"]
[Date "2003.02.02"]
[Round "6.7"]
[White "Gal, Sandor"]
[Black "Budai, David"]
[Result "0-1"]
[WhiteElo "2274"]
[BlackElo "2214"]
[PlyCount "40"]
[EventDate "2002.09.22"]
[EventType "team"]
[EventRounds "11"]
[EventCountry "HUN"]
[SourceTitle "EXT 2004"]
[Source "ChessBase"]
[SourceDate "2003.11.25"]
[SourceVersion "1"]
[SourceVersionDate "2003.11.25"]
[SourceQuality "1"]
[WhiteTeam "Heves"]
[BlackTeam "Foti"]
[WhiteTeamCountry "HUN"]
[BlackTeamCountry "HUN"]

1. d4 d5 2. Nf3 Nf6 3. Bf4 c6 4. e3 Bf5 5. Nbd2 Nbd7 6. h3 e6 7. c3 h6 8. Be2 Be7 9. 0-0 0-0 10. Ne5 Bh7 11. Bh2 Ne4 12. f3 Nd6 13. g4 Rc8 14. Kg2 c5 15. Qa4 Nb6 16. Qa5 cxd4 17. exd4 f6 18. Nd3 Ndc4 19. Nxc4 Nxc4 20. Qxa7 Qd7 0-1

[Event "HUN-chT2 Maroczy 0203"]
[Site "Hungary"]
[Date "2003.01.19"]
[Round "5.7"]
[White "Kovacs, Tamas"]
[Black "Gal, Sandor"]
[Result "1-0"]
[WhiteElo "2160"]
[BlackElo "2274"]
[PlyCount "79"]
[EventDate "2002.09.22"]
[EventType "team"]
[EventRounds "11"]
[EventCountry "HUN"]
[SourceTitle "EXT 2004"]
[Source "ChessBase"]
[SourceDate "2003.11.25"]
[SourceVersion "1"]
[SourceVersionDate "2003.11.25"]
[SourceQuality "1"]
[WhiteTeam "Sarospatak"]
[BlackTeam "Heves"]
[WhiteTeamCountry "HUN"]
[BlackTeamCountry "HUN"]

1. d4 Nf6 2. c4 g6 3. Nc3 Bg7 4. e4 d6 5. f3 0-0 6. Bg5 h6 7. Be3 e5 8. d5 Nh5 9. Qd2 f5 10. exf5 gxf5 11. 0-0-0 Rf6 12. Bd3 Bf8 13. Nge2 f4 14. Bf2 Be7 15. Ne4 Rf7 16. g4 Nf6 17. h4 Nxe4 18. Bxe4 Nd7 19. Nc3 Nf8 20. Bc2 Bd7 21. Rdg1 Be8 22. Bf5 Rg7 23. Ne4 Kh8 24. Qd3 Bg6 25. Bxg6 Rxg6 26. g5 h5 27. c5 b6 28. cxd6 cxd6 29. Kb1 Qd7 30. Rc1 Rb8 31. Rc6 Kg7 32. Rhc1 Rb7 33. Qa6 Kf7 34. Nc3 Bd8 35. Ne4 Be7 36. Nc3 Bd8 37. Nb5 Ke7 38. Nxd6 Rxd6 39. Rxd6 Kxd6 40. Qa3+ 1-0

[Event "Ajka Borostyan Cup"]
[Site "Ajka"]
[Date "2000.??.??"]
[Round "?"]
[White "Kaposztas, Miklos"]
[Black "Gal, Sandor"]
[Result "1-0"]
[WhiteElo "2302"]
[BlackElo "2236"]
[PlyCount "87"]
[EventDate "2000.06.??"]
[EventType "swiss"]
[EventRounds "9"]
[EventCountry "HUN"]
[SourceTitle "EXT 2004"]
[Source "ChessBase"]
[SourceDate "2003.11.25"]
[SourceVersion "1"]
[SourceVersionDate "2003.11.25"]
[SourceQuality "1"]

1. c4 Nf6 2. Nc3 g6 3. e4 d6 4. d4 e5 5. d5 Bg7 6. Nge2 0-0 7. Ng3 a5 8. Be2 Na6 9. h4 c6 10. h5 Nc5 11. h6 Bh8 12. Bg5 Qb6 13. Qd2 Qc7 14. Rd1 Ne8 15. Be3 Bd7 16. 0-0 Rd8 17. f4 b6 18. f5 f6 19. Rf2 Nb7 20. a3 c5 21. Rb1 Ra8 22. b4 axb4 23. axb4 Qc8 24. Qb2 Rb8 25. Qc1 Nc7 26. bxc5 bxc5 27. Rb6 Na8 28. Ra6 Qc7 29. Qa3 Nb6 30. Bf1 Nc8 31. Rb2 Nd8 32. Rxb8 Qxb8 33. Nb5 Nf7 34. Ra8 Qb7 35. Ra6 Re8 36. Qa5 g5 37. Be2 Bxb5 38. cxb5 Nxh6 39. b6 Nf7 40. Bb5 Rd8 41. Bc6 Qb8 42. b7 Ne7 43. Ra8 Nxc6 44. dxc6 1-0

[Event "Godal Memorial"]
[Site "Hungary"]
[Date "1999.??.??"]
[Round "5"]
[White "Gal, Sandor"]
[Black "Mede, Istvan"]
[Result "1/2-1/2"]
[WhiteElo "2245"]
[BlackElo "2150"]
[PlyCount "30"]
[EventDate "1999.??.??"]
[EventType "swiss"]
[EventRounds "9"]
[EventCountry "HUN"]
[SourceTitle "EXT 2000"]
[Source "ChessBase"]
[SourceDate "1999.11.16"]
[SourceVersion "1"]
[SourceVersionDate "1999.11.16"]
[SourceQuality "1"]

1. d4 Nf6 2. c4 d6 3. Nc3 e5 4. d5 g6 5. e4 Bg7 6. f3 0-0 7. Be3 Ne8 8. Qd2 f5 9. 0-0-0 f4 10. Bf2 a6 11. b4 b6 12. Kb2 a5 13. b5 Nd7 14. Na4 g5 15. g4 Ndf6 1/2-1/2

[Event "Godal Memorial"]
[Site "Hungary"]
[Date "1999.??.??"]
[Round "6"]
[White "Galgovics, Andras"]
[Black "Gal, Sandor"]
[Result "0-1"]
[WhiteElo "2055"]
[BlackElo "2245"]
[PlyCount "87"]
[EventDate "1999.??.??"]
[EventType "swiss"]
[EventRounds "9"]
[EventCountry "HUN"]
[SourceTitle "EXT 2000"]
[Source "ChessBase"]
[SourceDate "1999.11.16"]
[SourceVersion "1"]
[SourceVersionDate "1999.11.16"]
[SourceQuality "1"]

1. d4 Nf6 2. c4 e6 3. Nc3 Bb4 4. a3 Bxc3+ 5. bxc3 Ne4 6. Qc2 f5 7. g3 b6 8. f3 Nf6 9. e4 d6 10. Bg2 fxe4 11. fxe4 e5 12. Nf3 Qe7 13. d5 0-0 14. 0-0 Na6 15. Be3 Nc5 16. Nh4 Bd7 17. Nf5 Bxf5 18. exf5 Qd7 19. h3 Qa4 20. Qa2 Nce4 21. Rac1 Nxg3 22. Rf3 Nge4 23. Kh2 Kh8 24. Bf1 Nc5 25. Bxc5 bxc5 26. Bd3 Rab8 27. Bc2 Qd7 28. Rg1 Rb6 29. Qa1 Rfb8 30. Rfg3 Rb2 31. R1g2 Nh5 32. Rg4 Nf4 33. Rf2 h6 34. Qe1 Ra2 35. Qe4 Nh5 36. Rg6 Nf6 37. Qh4 Qf7 38. Rfg2 Rbb2 39. Be4 Rxg2+ 40. Bxg2 Kh7 41. Kg1 Rxa3 42. Qe1 Ra6 43. Qb1 Rb6 44. Qa1 0-1

[Event "HUN-chT3"]
[Site "Hungary"]
[Date "1997.??.??"]
[Round "?"]
[White "Harmatosi, Jozsef"]
[Black "Gal, Sandor"]
[Result "1-0"]
[WhiteElo "2180"]
[BlackElo "2235"]
[PlyCount "87"]
[EventDate "1997.??.??"]
[EventType "team"]
[EventRounds "13"]
[EventCountry "HUN"]
[SourceTitle "EXT 2001"]
[Source "ChessBase"]
[SourceDate "2000.11.22"]
[SourceVersion "1"]
[SourceVersionDate "2000.11.22"]
[SourceQuality "1"]

1. d4 Nf6 2. Nf3 e6 3. e3 b6 4. Nbd2 Bb7 5. Bd3 c5 6. c3 Be7 7. e4 d6 8. a3 Nbd7 9. b4 e5 10. Bb2 Qc7 11. Qe2 0-0 12. 0-0 g6 13. dxe5 Nxe5 14. Nxe5 dxe5 15. Rfd1 Rfd8 16. Nf1 Nh5 17. g3 Kg7 18. Ne3 f5 19. Nxf5+ gxf5 20. Qxh5 c4 21. Bc2 Rf8 22. Rd2 Qc6 23. Rad1 fxe4 24. Qxe5+ Bf6 25. Qd6 Rae8 26. Qxc6 Bxc6 27. Rd6 Bb7 28. Rd7+ Rf7 29. Rxf7+ Kxf7 30. Rd7+ Re7 31. Rxe7+ Kxe7 32. f3 exf3 33. Bxh7 Ke6 34. Bg8+ Kf5 35. Bxc4 Bg5 36. Kf2 Ke4 37. Be6 Be3+ 38. Kf1 Kd3 39. c4 Be4 40. Bd5 Bf5 41. Bxf3 Kxc4 42. g4 Bh7 43. Bd1 Bf4 44. h4 1-0

[Event "Fuzesabony op"]
[Site "Fuzesabony"]
[Date "1995.??.??"]
[Round "7"]
[White "Binder, Tamas"]
[Black "Gal, Sandor"]
[Result "1-0"]
[WhiteElo "2240"]
[BlackElo "2260"]
[PlyCount "51"]
[EventDate "1995.??.??"]
[EventType "swiss"]
[EventRounds "9"]
[EventCountry "HUN"]
[SourceTitle "EXT 2004"]
[Source "ChessBase"]
[SourceDate "2003.11.25"]
[SourceVersion "1"]
[SourceVersionDate "2003.11.25"]
[SourceQuality "1"]

1. d4 d5 2. c4 e6 3. Nc3 Be7 4. Nf3 Nf6 5. Bg5 0-0 6. e3 c6 7. Bd3 Nbd7 8. Qc2 Re8 9. Nd2 a6 10. 0-0 h6 11. Bh4 dxc4 12. Nxc4 Nd5 13. Bxe7 Qxe7 14. a3 Nxc3 15. bxc3 e5 16. e4 b5 17. Ne3 Nb6 18. Kh1 Bd7 19. f4 exf4 20. Rxf4 c5 21. Qf2 cxd4 22. cxd4 Rac8 23. Rf1 Rf8 24. Bb1 Rc3 25. Ba2 Be8 26. Nf5 1-0

[Event "Fuzesabony op"]
[Site "Fuzesabony"]
[Date "1995.??.??"]
[Round "4"]
[White "Gal, Sandor"]
[Black "Hegedus, Gyorgy"]
[Result "1-0"]
[WhiteElo "2260"]
[BlackElo "2080"]
[PlyCount "53"]
[EventDate "1995.??.??"]
[EventType "swiss"]
[EventRounds "9"]
[EventCountry "HUN"]
[SourceTitle "EXT 2004"]
[Source "ChessBase"]
[SourceDate "2003.11.25"]
[SourceVersion "1"]
[SourceVersionDate "2003.11.25"]
[SourceQuality "1"]

1. Nf3 d5 2. d4 e6 3. c4 c6 4. e3 Nf6 5. Nc3 Bb4 6. Bd3 Ne4 7. Qc2 f5 8. a3 Bxc3+ 9. bxc3 0-0 10. 0-0 Nd7 11. Nd2 Ndf6 12. f3 Nxd2 13. Bxd2 b6 14. cxd5 cxd5 15. e4 dxe4 16. fxe4 Nxe4 17. Bxe4 fxe4 18. Qxe4 Rxf1+ 19. Rxf1 Bd7 20. d5 Qe8 21. Re1 Rc8 22. dxe6 Bc6 23. Qg4 Bd5 24. e7 Rc7 25. Qd4 Rd7 26. Bc1 Bxg2 27. Qxd7 1-0

[Event "Fuzesabony op"]
[Site "Fuzesabony"]
[Date "1995.??.??"]
[Round "6"]
[White "Gal, Sandor"]
[Black "Simon, Nandor"]
[Result "1/2-1/2"]
[WhiteElo "2260"]
[BlackElo "1990"]
[PlyCount "75"]
[EventDate "1995.??.??"]
[EventType "swiss"]
[EventRounds "9"]
[EventCountry "HUN"]
[SourceTitle "EXT 2004"]
[Source "ChessBase"]
[SourceDate "2003.11.25"]
[SourceVersion "1"]
[SourceVersionDate "2003.11.25"]
[SourceQuality "1"]

1. d4 Nf6 2. c4 a6 3. Nc3 c5 4. d5 b5 5. cxb5 axb5 6. Nxb5 d6 7. Nc3 Bb7 8. e4 Qa5 9. Bd3 g6 10. h3 Bg7 11. Nge2 Nbd7 12. 0-0 0-0 13. f4 Rfc8 14. Kh2 c4 15. Bc2 Nb6 16. Be3 Nfd7 17. Bd4 Nc5 18. Bxg7 Kxg7 19. Qd4+ Kg8 20. f5 Nbd7 21. fxg6 hxg6 22. Qxc4 Ba6 23. Qd4 Rab8 24. Rfb1 Bxe2 25. Nxe2 Na6 26. Nc3 Ne5 27. a3 Rc4 28. Qd2 Kg7 29. Bd1 Rh8 30. b4 Qb6 31. b5 Nc5 32. a4 Nxe4 33. Nxe4 Rxe4 34. a5 Qc5 35. b6 Rd4 36. Qe1 Qxd5 37. b7 Rd2 38. Qg3 1/2-1/2

[Event "Eger Cup"]
[Site "Eger"]
[Date "1995.??.??"]
[Round "?"]
[White "Sinka, Istvan"]
[Black "Gal, Sandor"]
[Result "1-0"]
[WhiteElo "2275"]
[BlackElo "2290"]
[PlyCount "31"]
[EventDate "1995.??.??"]
[EventType "swiss"]
[EventRounds "9"]
[EventCountry "HUN"]
[SourceTitle "EXT 1999"]
[Source "ChessBase"]
[SourceDate "1998.11.16"]
[SourceVersion "1"]
[SourceVersionDate "1998.11.16"]
[SourceQuality "1"]

1. d4 f5 2. Nc3 d5 3. Bg5 Nf6 4. Bxf6 exf6 5. e3 c6 6. Bd3 Bd6 7. Qf3 g6 8. Nge2 Be6 9. h3 Nd7 10. g4 fxg4 11. hxg4 Bf7 12. Nf4 Nf8 13. 0-0-0 Qc7 14. Nfxd5 Bxd5 15. Nxd5 cxd5 16. Qxf6 1-0

[Event "Ramovill Fuzesabony op"]
[Site "Fuzesabony"]
[Date "1994.??.??"]
[Round "6"]
[White "Gal, Sandor"]
[Black "Bujdoso, Bela"]
[Result "1-0"]
[WhiteElo "2290"]
[BlackElo "2045"]
[PlyCount "71"]
[EventDate "1994.??.??"]
[EventType "swiss"]
[EventRounds "9"]
[EventCountry "HUN"]
[SourceTitle "EXT 2004"]
[Source "ChessBase"]
[SourceDate "2003.11.25"]
[SourceVersion "1"]
[SourceVersionDate "2003.11.25"]
[SourceQuality "1"]

1. d4 d5 2. Nf3 Bf5 3. c4 e6 4. Nc3 c6 5. Qb3 Qb6 6. c5 Qxb3 7. axb3 Nd7 8. b4 Ngf6 9. b5 Be7 10. b4 0-0 11. Bg5 h6 12. Bh4 g5 13. Bg3 Ne4 14. bxc6 bxc6 15. Nxe4 dxe4 16. Ne5 Nxe5 17. Bxe5 f6 18. Bg3 e3 19. fxe3 Be4 20. h4 a5 21. bxa5 Ra7 22. hxg5 hxg5 23. Kf2 Rfa8 24. Rg1 Bd8 25. Bd6 Bxa5 26. g4 Bd2 27. Rxa7 Rxa7 28. Bg2 Bxg2 29. Rxg2 Ra3 30. Rg3 Ra1 31. Rf3 Kg7 32. Be7 Be1+ 33. Kg2 Bh4 34. Bxf6+ Kh7 35. d5 Ra4 36. d6 1-0